000 01248cam a2200241 a 4500
999 _c4245
_d4245
020 _a0521655382 (pbk.)
020 _a0521563305 (hard)
050 0 0 _aBF145
_b.A23
100 _a Roger Penrose
245 0 4 _aThe large, the small, and the human mind /
_cRoger Penrose ... [et al.] ; edited by Malcolm Longair.
250 _a1st pbk. ed., new and rev.
260 _aCambridge ;
_aNew York :
_bCambridge University Press,
_c1999.
300 _axviii, 201 p. :
_bill. ;
_c22 cm.
505 _aPreface Malcolm Longair; 1. Space-time and cosmology Roger Penrose; 2. The mysteries of quantum physics Roger Penrose; 3. Physics and the mind Roger Penrose; 4. On mentality, quantum mechanics and the actualization of potentialities Abner Shimony; 5. Why physics? Nancy Cartwright; 6. The objections of an unashamed reductionist Stephen Hawking; 7. Reply Roger Penrose; Appendix I: a new example of Goedel's theorem; Appendix II: proposal for a physical experiment to test quantum state reduction.
650 0 _aArtificial intelligence.
650 0 _aThought and thinking.
650 0 _aPhysics
_xPhilosophy.
650 0 _aGödel's theorem.
650 0 _aQuantum theory.
700 1 _aPenrose, Roger.
700 1 _aLongair, Malcolm S.,
942 _cBK